Top 10 meilleurs buteurs des Grandes Compétitons (2023-2024) - Statistiques

Statistiques générales
  • Ce quiz a été pris 175 fois
  • Le résultat moyen est 38 sur 80
Statistiques - réponses
Championnat Classement Equipe Nombre de buts Réponse % Correct
Premier League 1er Manchester City 27 Haaland
99%
Ligue des Champions 3ème Manchester City 6 Haaland
99%
Bundesliga 1er Bayern Munich 36 Kane
88%
Ligue des Champions 1er Bayern Munich 8 Kane
88%
Ligue 1 1er PSG 27 Mbappé
88%
Ligue des Champions 1er PSG 8 Mbappé
88%
Premier League 4ème Manchester City 19 Foden
86%
Ligue des Champions 5ème Manchester City 5 Foden
86%
Premier League 7ème Liverpool 18 Salah
86%
Premier League 2ème Chelsea 22 Palmer
79%
Premier League 8ème Tottenham 17 Son
78%
Liga 8ème Real Madrid 15 Vinicius
78%
Ligue des Champions 5ème Real Madrid 5 Vinicius
78%
Ligue 1 4ème OM 17 Aubameyang
75%
Ligue Europa 1er OM 10 Aubameyang
75%
Ligue 1 2ème OL 19 Lacazette
75%
Liga 6ème Atletico Madrid 16 Griezmann
73%
Ligue des Champions 3ème Atletico Madrid 6 Griezmann
73%
Premier League 9ème Arsenal 16 Saka
73%
Premier League 3ème Newcastle 21 Isak
72%
Serie A 1er Inter Milan 24 Martinez
71%
Liga 3ème Real Madrid 19 Bellingham
70%
Ligue 1 5ème Monaco 16 Ben Yedder
68%
Ligue 1 2ème Lille 19 David
67%
Serie A 3ème AC Milan 15 Giroud
66%
Liga 3ème Barcelone 19 Lewandowski
66%
Serie A 3ème Naples 15 Osimhen
64%
Serie A 2ème Juventus 16 Vlahovic
63%
Ligue 1 8ème PSG 11 Ramos
62%
Premier League 4ème Aston Villa 19 Watkins
62%
Conference League 7ème Aston Villa 5 Watkins
62%
Serie A 6ème AS Roma 13 Dybala
61%
Bundesliga 2ème Stuttgart 28 Guirassy
59%
Serie A 6ème AS Roma 13 Lukaku
59%
Ligue Europa 2ème AS Roma 7 Lukaku
59%
Serie A 6ème Inter Milan 13 Thuram
57%
Bundesliga 8ème Bayer Leverkusen 14 Boniface
55%
Ligue Europa 5ème Bayer Leverkusen 5 Boniface
55%
Ligue Europa 5ème Bayer Leverkusen 5 Boniface
55%
Liga 8ème Atletico Madrid 15 Morata
54%
Ligue des Champions 5ème Atletico Madrid 5 Morata
54%
Ligue des Champions 5ème Manchester City 5 Alvarez
53%
Bundesliga 3ème RB Leipzig 24 Openda
52%
Ligue Europa 5ème Atalanta Bergame 5 Lookman
44%
Ligue des Champions 5ème Manchester United 5 Hojlund
42%
Ligue 1 7ème Metz 13 Mikautadze
42%
Premier League 4ème Bournemouth 19 Solanke
41%
Ligue 1 6ème Toulouse 14 Dallinga
39%
Liga 1er Gérone 24 Dovbyk
39%
Ligue 1 10ème Rennes 10 Kalimuendo
39%
Premier League 9ème West Ham 16 Bowen
38%
Ligue 1 8ème Nice 11 Moffi
38%
Liga 2ème Villareal 23 Sorloth
38%
Ligue Europa 3ème Atalanta Bergame 6 Scamacca
31%
Bundesliga 8ème RB Leipzig 14 Sesko
30%
Bundesliga 10ème Borussia Dortmund 13 Malen
28%
Bundesliga 4ème Stuttgart 18 Undav
25%
Liga 6ème Seville FC 16 En Nesyri
22%
Ligue des Champions 5ème Porto 5 Galeno
22%
Ligue Europa 5ème Sporting Lisbonne 5 Gyokeres
21%
Bundesliga 6ème Hoffenheim 15 Kramaric
21%
Serie A 6ème Inter Milan 13 Calhanoglu
20%
Liga 5ème Osasuna 17 Budimir
18%
Ligue Europa 3ème Brighton 6 Joao Pedro
17%
Conference League 7ème Lille 5 Yazici
14%
Conference League 1er Olympiacos 11 El Kaabi
13%
Serie A 6ème Torino 13 Zapata
12%
Bundesliga 5ème Hoffenheim 16 Beier
11%
Liga 8ème Getafe 15 Mayoral
10%
Bundesliga 6ème Augsbourg 15 Demirovic
7%
Serie A 5ème Genoa 14 Gudmundsson
7%
Conference League 4ème Bruges 6 Vanaken
7%
Ligue Europa 5ème Fribourg 5 Gregoritsch
4%
Conference League 3ème Dynamo Zagreb 7 Petkovic
4%
Conference League 7ème Genk 5 Orban
3%
Conference League 2ème Maccabi Tel Aviv 8 Zahavi
3%
Conference League 7ème Bruges 5 Thiago
2%
Conference League 4ème Panathinaikos 6 Bezus
1%
Ligue Europa 5ème Panathinaïkos 5 Ioannidis
1%
Conference League 4ème Ferencvaros 6 Traoré
1%
Aucun quiz correspondant
Distribution des résultats
% des personnes avec chaque résultat
Percentile par nombre de réponses
Votre historique - résultats
Vous n’avez pas pris ce quiz